| 000 | 00484nam a2200157Ia 4500 | ||
|---|---|---|---|
| 008 | 240729s9999 xx 000 0 und d | ||
| 022 | _a2588-2902 | ||
| 245 | 0 | _aAUT Journal of Civil Engineering | |
| 260 | _aIran, Islamic Republic of | ||
| 260 | _bAmirkabir university of Technology | ||
| 650 | _a Engineering (General). Civil engineering (General) | ||
| 650 | _aTechnology | ||
| 856 | _uhttps://doaj.org/toc/c616d1af847a496f9ceb89730ec28930 | ||
| 942 | _2ddc | ||
| 942 | _cDOAJEJ | ||
| 999 |
_c70591 _d70591 |
||
| 945 |
_a1 _bMadushi Gamage _c1 _dMadushi Gamage |
||